000 02094cam a2200325 i 4500
003 SA-RiAUC
005 20250205081801.0
008 250129s2012____su a g 00000 ara c
020 _a9789960017648
024 0 _a00000000300324
040 _aSA-JeALM
_bara
_cSA-RiAUC
_dKAC
_erda
082 0 4 _a251.4
_qSA-RiAUC
090 _a251.4
_bه و ي
100 1 _aالهويريني، وائل بن عبد الله بن سليمان
_eمؤلف.
245 1 2 _aالمنهج في استنباط أحكام النوازل /
_cتأليف وائل بن عبد الله بن سليمان الهويريني.
250 _aالطبعة الثانية.
264 1 _aالرياض :
_bمكتبة الرشد ناشرون،
_c2012
300 _a556 صفحة :
_bجداول ؛
_c24 سم.
336 _aنص
_btxt
_2rdacontent
_3كتاب
337 _aبدون وسيط
_bn
_2rdamedia
338 _aمجلد
_bnc
_2rdacarrier
490 0 _aسلسلة الرشد للرسائل الجامعية ؛
_v(215)
500 _aملاحظات من الشيخ رحمه الله في بداية الكتاب
504 _aببليوجرافية : صفحة 531-549.
505 0 _aالمحتويات : مقدمة-الفصل الأول : التمهيدي وفيه خمسة مباحث، المبحث الأول : تعريف النازلة، المبحث الثاني : تاريخ علم النوازل... وموضوعات أخرى-الفصل الثاني : النازلة وضوابط النظر فيها ويحتوي على خمسة ضوابط-الفصل الثالث : النظر في الفتاوى المتعلقة حول النازلة-الفصل الرابع : مسالك التعرف على حكم النوازل، وفيه ثلاثة مباحث-الخاتمة-الفهارس العامة-فهرس الآيات القرآنية-فهرس الأحاديث فهرس الآثار-فهرس الأعلام...وموضوعات أخرى.
650 7 _aالاستنباط (أصول فقه)
_2aucsh
650 7 _aالنوازل (أصول فقه)
_2aucsh
942 _2ddc
_cBOOK
_n0
949 _aSA-JeALM
_d250129
_uosman123
_n1
999 _c5624
_d5624